00358nam a22001337a 4500003000900000005001700009008003500026040002300061100002100084245005700105250001100162260002600173300002500199DO-SdBNP20210803123556.02021 dr |||| 00| 0 spa d aBPMSUbspa cBPMSU aMoya Pons, Frank aHistoria Dominicana para niños /cFrank Moya Pons. a2a ed. aSanto Domingo ,b1979 a84 p. ;bil.c24 cm.